00644nam a2200217 a 450000100060000000300080000600500170001400800410003103500460007204000320011804100110015008200220016110000300018324500760021325000110028926000370030030000240033750000350036150000190039665000110041532298BD-RjUL20211209051820.0140424s1971 enk 000 0 eng d aOCLC 933292 from nreto023a(BD-RjUL)32387 aYNGcYNGdm/cdBD-RjULbeng0 aengjpn04a294.561bKAS 19711 aKato, Genchi,d1873-1965.12aA study of Shinto :bthe religion of the Japanese nation /cGenchi Kato a2nd ed aLondon :bCurzon Press,cc 1971. aix, 250 p. ;c22 cm aFirst published in Tokyo, 1926 aIncludes index 0aShinto